00303nam a2200109Ia 4500008004100000041000800041100001600049245004900065260004300114650001500157999002100172240109s9999 xx 000 0 und d aeng aDavid Irwin aFinancial Control For Non-Financial Managers bPitman Pubs House ,England / Hongkong  aManagement c1024068d1024068